00865nam a22002177a 4500999001700000003000900017008004100026040007100067082002300138100003100161245010500192260005800297300002800355650003500383650002200418650003200440650003000472942001600502945000900518952012000527 c21313d21313AR-CdUCM190226b ||||| |||| 00| 0 spa d aMUNICIPALIDAD PROVINCIAL DEL CUSCOcBIBLIOTECA MUNICIPAL DEL CUSCO aEP/372.41/V32bV32 aVargas Fernandez, Mercedes aEstrategias didácticas basada en juegos para la resolución de problemas aritméticos aditivos / aCusco ;bGráfica Editorial Aguilar E.I.R.L.,c2017. a93 Páginas. :c20 cm. a Educación psicomotriz94443 aPedagogía91560 aEducación infantil912296 aEducación inicial93463 2ddccLIBROS aRoel 002ddc4070aSIbSIcCHILDd2020-02-24eDepósito Legal BNPg10.00oEP/372.41/V32pSI00004709r2020-02-24yLIBROS